书目信息 |
| 题名: |
制度创新与国家成长
|
|
| 作者: | 林尚立 著 | |
| 分册: | ||
| 出版信息: | 天津 天津人民出版社 2005 |
|
| 页数: | 575页 | |
| 开本: | 21cm | |
| 丛书名: | 国家成长系列 | |
| 单 册: | ||
| 中图分类: | D621 | |
| 科图分类: | ||
| 主题词: | 政治制度--Zheng Zhi Zhi Du--研究--中国--现代 | |
| 电子资源: | ||
| ISBN: | 7-201-04988-7 | |
| 000 | 00997nam 2200265 450 | |
| 001 | CAL 012005149657 | |
| 005 | 20061123155254.06 | |
| 010 | @a7-201-04988-7@dCNY 36.00 | |
| 099 | @aCAL 012005149657 | |
| 100 | @a20051226d2005 ekmy0chiy0121 ea | |
| 101 | 0 | @achi |
| 102 | @aCN@b120000 | |
| 200 | 1 | @a制度创新与国家成长@AZhi Du Chuang Xin Yu Guo Jia Cheng Zhang@e中国的探索@d= Institutional Innovation and the Development of Nation-state@eChina's Exploration@f林尚立等著@zeng |
| 210 | @a天津@c天津人民出版社@d2005 | |
| 215 | @a575页@c图@d21cm | |
| 225 | 2 | @a国家成长系列@AGuo Jia Cheng Zhang Xi Lie |
| 320 | @a有书目 (第567-573页) | |
| 410 | 0 | @12001 @a国家成长系列 |
| 510 | 1 | @aInstitutional Innovation and the Development of Nation-state@eChina's Exploration@zeng |
| 517 | 0 | @a中国的探索@AZhong Guo De Tan Suo |
| 606 | 0 | @a政治制度@AZheng Zhi Zhi Du@x研究@y中国@z现代 |
| 690 | @aD621@v4 | |
| 701 | 0 | @a林尚立@ALin Shang Li@4著 |
| 801 | @aCN@c20061123 | |
| 905 | @apdsgxy@dD621@eL513 | |
| 制度创新与国家成长:中国的探索= Institutional Innovation and the Development of Nation-state:China's Exploration/林尚立等著.-天津:天津人民出版社,2005 |
| 575页:图;21cm.-(国家成长系列) |
| ISBN 7-201-04988-7:CNY 36.00 |
| ● |
| 相关链接 |
|
|
|
正题名:制度创新与国家成长
索取号:D621/L513
 
预约/预借
| 序号 | 登录号 | 条形码 | 馆藏地/架位号 | 状态 | 备注 |
| 1 | 615576 | 206155765 | 社科库509/509社科库 72排8列4层/ [索取号:D621/L513] | 在馆 | |
| 2 | 615577 | 206155774 | 社科库509/509社科库 72排8列4层/ [索取号:D621/L513] | 在馆 |